Climb Quiz Mountain II Stats

Quiz Updated Jul 17, 2016

Challenge
Share
Tweet
Score 0/24 Timer 08:00
10 Plays Today
% Correct
Michelangelo
95%
Ludwig van Beethoven
94.1%
Wimbledon
92.2%
The Grand Canyon
91.8%
100°
90.9%
Josef Stalin
90.5%
Mercury, May, et al.
88.9%
Isaac Newton
84.1%
Lost
81.1%
Luge
79.2%
Seymour, Boleyn, et al.
77.7%
Ernest Hemingway
74.5%
% Correct
Garfield, McKinley
69.6%
Sean Penn
62%
Sauron
61.4%
Ventnor, Atlantic, et al.
58.4%
Yuri Gagarin
56%
Chile
55.1%
Caspian Sea
54.4%
Abu Dhabi
53.2%
The Hurt Locker
51.3%
Kingdom
50.1%
Potassium, Sodium, et al.
49.9%
Shooting the Moon
34.1%

You're not logged in!

Compare scores with friends on all Sporcle quizzes.
Sign Up with Email
OR
Log In

You Might Also Like...

Show Comments

Extras

Top Quizzes Today


Score Distribution

Your Account Isn't Verified!

In order to create a playlist on Sporcle, you need to verify the email address you used during registration. Go to your Sporcle Settings to finish the process.